[Event "Mittelrhein Verbandsliga-W 17/18"]
[Site "Nordrheinwestfalen"]
[Date "2017.10.22"]
[Round "3.8"]
[White "Reich, Erich"]
[Black "Sorokin, Michael"]
[Result "0-1"]
[WhiteElo "1581"]
[BlackElo "1704"]
[PlyCount "76"]
[EventDate "2017.09.10"]
[EventType "team-tourn"]
[EventRounds "11"]
[EventCountry "GER"]
[SourceTitle "EXT 2022"]
[Source "ChessBase"]
[SourceDate "2021.10.06"]
[SourceVersion "1"]
[SourceVersionDate "2021.10.06"]
[SourceQuality "1"]
[WhiteTeam "Dueren Derichsweiler"]
[BlackTeam "Lendersdorf"]
[WhiteTeamCountry "GER"]
[BlackTeamCountry "GER"]

1. e4 c5 2. f4 d6 3. Nf3 Nf6 4. Nc3 a6 5. a4 e6 6. Bc4 Be7 7. 0-0 d5 8. exd5 exd5 9. Be2 d4 10. Na2 0-0 11. Ne5 Be6 12. d3 Nbd7 13. Bf3 Qc7 14. Nxd7 Qxd7 15. b3 Rab8 16. Re1 Rfe8 17. Bd2 Bd6 18. c4 b5 19. axb5 axb5 20. Nc1 Bf5 21. Rxe8+ Rxe8 22. Ra6 bxc4 23. bxc4 Qe6 24. h3 h6 25. Nb3 Bxd3 26. Nxc5 Qxc4 27. Rxd6 Qxc5 28. Rc6 Qb5 29. Rd6 Qc5 30. Rc6 Qa7 31. Bb4 Be2 32. Bxe2 d3+ 33. Bc5 dxe2 34. Qe1 Qd7 35. Rd6 Qf5 36. Bf2 Ne4 37. Rd4 Nxf2 38. Kxf2 Qc5 0-1